Statistics for Countries with More Than One Letter U

Click here to take the quiz!

General Stats

  • This quiz has been taken 98 times
  • The average score is 9 of 12

Answer Stats

Continent Country % Correct
AmericasUruguay
91%
OceaniaTuvalu
86%
OceaniaVanuatu
80%
AfricaGuinea-Bissau
78%
OceaniaNauru
78%
OceaniaPapua New Guinea
75%
AfricaBurundi
72%
AfricaSouth Sudan
72%
EuropeLuxembourg
68%
AfricaEquatorial Guinea
66%
AfricaMauritius
55%
AmericasAntigua and Barbuda
44%

Score Distribution

Percentile by Number Answered

Percent of People with Each Score

Your Score History

You have not taken this quiz